ভারতের সাধক / (Record no. 54953)
[ view plain ]
| 000 -LEADER | |
|---|---|
| fixed length control field | 01131nam a2200265 a 4500 |
| 001 - CONTROL NUMBER | |
| control field | 54953 |
| 003 - CONTROL NUMBER IDENTIFIER | |
| rucl marc code | BD-RjUL |
| 005 - DATE AND TIME OF LATEST TRANSACTION | |
| control field | 20211209080207.0 |
| 008 - FIXED-LENGTH DATA ELEMENTS--GENERAL INFORMATION | |
| fixed length control field | 161113m19721970ii ||||| |||| 00| 0 ben d |
| 020 ## - INTERNATIONAL STANDARD BOOK NUMBER | |
| Terms of availability | : IRS. 10.00 (V-1, 4 & 6) |
| 035 ## - SYSTEM CONTROL NUMBER | |
| System control number | (BD-RjUL)55075 |
| 040 ## - CATALOGING SOURCE | |
| Original cataloging agency | BD-RjUL |
| Language of cataloging | ben |
| Transcribing agency | BD-RjUL |
| Modifying agency | BD-RjUL |
| 041 ## - LANGUAGE CODE | |
| Language code of text/sound track or separate title | ben |
| 082 ## - DEWEY DECIMAL CLASSIFICATION NUMBER | |
| Edition number | 23 |
| Classification number | 294.5092254 |
| Author mark and year | ROB V-1-12 1970-1972 |
| 100 1# - MAIN ENTRY--PERSONAL NAME | |
| Personal name | রায়, শঙ্করনাথ |
| 9 (RLIN) | 119563 |
| 245 10 - TITLE STATEMENT | |
| Title | ভারতের সাধক / |
| Statement of responsibility, etc. | শঙ্করনাথ রায় |
| 250 ## - EDITION STATEMENT | |
| Edition statement | ৬ষ্ঠ সং. |
| 260 ## - PUBLICATION, DISTRIBUTION, ETC. (IMPRINT) | |
| Place of publication, distribution, etc. | কলিকাতা : |
| Name of publisher, distributor, etc. | করুণা প্রকাশনী, |
| Date of publication, distribution, etc. | ১৯৭০-১৯৭২ |
| 300 ## - PHYSICAL DESCRIPTION | |
| Pagination | খন্ড. ; |
| Size | ২১ সেমি. |
| 500 ## - GENERAL NOTE | |
| General note | "১৩৭০ সালে রবীন্দ্র পুরস্কার জয়ী মহান জীবনীগ্রন্থ" |
| 505 0# - FORMATTED CONTENTS NOTE | |
| Formatted contents note | খণ্ড ২ --- খণ্ড ৪ -- খণ্ড ৬ |
| 650 ## - SUBJECT ADDED ENTRY--TOPICAL TERM | |
| Topical term or geographic name as entry element | সাধক |
| Geographic subdivision | ভারত |
| General subdivision | সংগৃহীত জীবনী |
| 9 (RLIN) | 163843 |
| Topical term or geographic name as entry element | Saints |
| Geographic subdivision | Indian |
| General subdivision | Collected Biography |
| 9 (RLIN) | 163844 |
| 942 ## - ADDED ENTRY ELEMENTS (KOHA) | |
| Source of classification or shelving scheme | Dewey Decimal Classification |
| Koha item type | Books |
| Lost status | Source of classification or shelving scheme | Damaged status | Not for loan | Collection code | Permanent Location | Current Location | Shelving location | Date acquired | Source of acquisition | Cost, normal purchase price | Total Checkouts | Full call number | Date last seen | Copy number | Koha item type |
|---|---|---|---|---|---|---|---|---|---|---|---|---|---|---|---|
| Dewey Decimal Classification | Non-fiction | Central Library, University of Rajshahi | Central Library, University of Rajshahi | 07/10/1974 | Jonathan waren and sons. | 10.00 | B 294.5092254 ROB V-2 1970 | 13/11/2016 | C-2 | Books | |||||
| Dewey Decimal Classification | Not For Loan | Non-fiction | Central Library, University of Rajshahi | Central Library, University of Rajshahi | Reading Room | 21/08/1973 | Preasented by Indian Govt. | BRA 294.5092254 ROB V-2 1970 | 25/02/2020 | C-1 | Rare Books | ||||
| Dewey Decimal Classification | Non-fiction | Central Library, University of Rajshahi | Central Library, University of Rajshahi | 21/08/1973 | Presented by Indian Govt. | B 294.5092254 ROB V-4 1972 | 25/02/2020 | C-2 | Books | ||||||
| Dewey Decimal Classification | Non-fiction | Central Library, University of Rajshahi | Central Library, University of Rajshahi | 07/10/1974 | onathan waren and sons. | B 294.5092254 ROB V-6 1972 | 25/02/2020 | C-2 | Books |